00671cam a22002052i 4500001001300000003000700013005001700020008004100037020002800078040001300106042000900119084001800128245014400146250001000290260004700300300001800347440004900365650002700414650002400441CIP113001024yeezen20250701144419.0240117s2024 ch e 000 0 chi d a9786267093641q(平裝) aCIPbchi anbic a416.32ncsclt10a手術全期護理. 上, 實務基礎與特殊照護cJane C. Rothrock, Donna McEwen, Sharon Ann Van Wicklin作; 高上淨, 張瑜玲翻譯 a17版 a臺北市 :b臺灣愛思唯爾, c2024.11 a面 ;c公分 aAlexander's care of the patient in surgery / 72lcstta手術期護理 72lcstta外科技術